Pays tempérés dans Plague Inc. - Statistiques

Statistiques générales
  • Ce quiz a été pris 4 fois
  • Le résultat moyen est 8 sur 14
Statistiques - réponses
Réponse % Correct
États-Unis
100%
France
100%
Chine
75%
Japon
75%
Turquie
75%
Corée
50%
Italie
50%
Kazakhstan
50%
Nouvelle-Zélande
50%
Afghanistan
25%
Argentine
25%
Asie Centrale
25%
Bolivie
25%
Madagascar
25%
Aucun quiz correspondant
Distribution des résultats
% des personnes avec chaque résultat
Percentile par nombre de réponses
Votre historique - résultats
Vous n’avez pas pris ce quiz